Ghosts: Fantômes à la maison - Statistiques

Statistiques générales
  • Ce quiz a été pris 22 fois
  • Le résultat moyen est 11 sur 16
Statistiques - réponses
Par images Réponse % Correct
Peter "Pete" Martino
100%
Thorfinn
100%
Sasappis "Sass"
92%
Isaac Higgintoot
85%
Samantha Arondekar
85%
Alberta Haynes
77%
Henrietta "Hetty" Woodstone
77%
Jay Arondekar
77%
Nigel Chessum
77%
Trevor Lefkowitz
77%
Elias Woodstone
69%
Susan Montero "Marie-Jeanne"
62%
Nancy
54%
Stephanie
46%
Bjorn
38%
Jessica
23%
Aucun quiz correspondant
Distribution des résultats
% des personnes avec chaque résultat
Percentile par nombre de réponses
Votre historique - résultats
Vous n’avez pas pris ce quiz